000 01001nam a2200229Ia 4500
999 _c50339
_d50339
001 17280
003 GE_BSU
005 20200210165154.0
008 181216s2013ge xx |||||||||||||| ||geo||
020 _a978994143688 :9789941436895(ტომეულის)
040 _cGE_BSU
041 _ageo
080 _a2+342.7 ვ-25
100 _aვაშაყმაძე, ზაზა.
_958
245 _aრწმენის თავისუფლება პოსტსაბჭოთა ქვეყნებში :
_bტომი I : /
_c ზაზა ვაშაყმაძე ; რედ. მინდია უგრეხელიძე.
264 _aთბილისი :
_bნეკერი,
_c2013.
300 _a143 გვ .:
_c25 სმ.
653 _aრელიგია
653 _aრწმენის თავისუფლება
700 _aუგრეხელიძე, მინდია
_eრედაქტორი
_96958
942 _cBK
_2udc